| 000 | 00884nam0a2200277 4500 | ||
|---|---|---|---|
| 001 | RU\NLR\bibl\816284 | ||
| 005 | 20260406064818.0 | ||
| 010 |
_a5-94278-819-7 _95000 |
||
| 021 |
_aRU _b2005-29499 _91473 |
||
| 035 | _a(NLR Aleph) 000805308 | ||
| 090 |
_a1206951 _c1206951 |
||
| 100 | _a20050706d2005 |||y0rusy50 ca | ||
| 101 | 1 |
_arus _ceng |
|
| 102 | _aRU | ||
| 105 | _ay ||||||||| | ||
| 200 | 1 |
_aN.P _e[роман] _fБанана Есимото _g[пер. с англ.: Н.Ю. Саватюгина] |
|
| 210 |
_aСанкт-Петербург _cАмфора _d2005 |
||
| 215 |
_a189,[1] с. _d17 |
||
| 225 | 1 | _aМини | |
| 686 | _aШ6(5Я)67-440.4{Лх2318-50} | ||
| 700 | 1 |
_4070 _8rus _7ca _aЕсимото _bБ. _f1964- _gБанана _3RU\NLR\auth\7714515 _9124187 |
|
| 801 | 0 |
_aRU _bNLR _c20050706 _grcr |
|
| 801 | 1 |
_aRU _bNLR _c20050706 |
|
| 942 | _cBOOK | ||
| 980 | _aNB | ||